| 000 | 00000nam##2200000za#4500 |
| 001 | 9.600221 |
| 003 | CaOODSP |
| 005 | 20210624205452 |
| 007 | cr ||||||||||| |
| 008 | 150406|1998||||xxc|||||o f|0| 0 fre|d |
| 040 | |aCaOODSP|bfre |
| 043 | |an-cn--- |
| 086 | 1 |aBT31-4/72-1998F-PDF |
| 110 | 1 |aCanada. |bConseil du trésor. |
| 245 | 10|aComité de surveillance des activités de renseignement de sécurité, rapport sur le rendement pour la période se terminant le 31 mars 1998 |h[ressource électronique] |
| 260 | |aOttawa - Ontario : |bSecrétariat du Conseil du Trésor du Canada |c[1998]. |
| 300 | |a24p.|bgraphique, organigramme, tableaux |
| 490 | 1 |aRapport sur le rendement pour la période se terminant le 31 mars 1998 |vPour la période se terminant le 31 mars 1998 |
| 500 | |aLe n° de catalogue (BT31-4/72-1998) et l’ISBN (0-660-60738-7) de l'édition imprimée bilingue ont été incorrectement copiés dans cette édition électronique. |
| 590 | |a11-02-Supp|b2011-01-27 |
| 775 | 08|tSecurity Intelligence Review Committee, performance report for the period ending March 31, 1998 |w(CaOODSP)9.568978 |
| 776 | 0#|tSecurity Intelligence Review Committee|w(CaOODSP)9.531146 |
| 776 | 0#|tComité de surveillance des activités de renseignement de sécurité|w(CaOODSP)9.531147 |
| 830 | #0|aRapport sur le rendement pour la période se terminant le 31 mars 1998 ;|vPour la période se terminant le 31 mars 1998|w(CaOODSP)9.502654 |
| 856 | 40|ahttp://publications.gc.ca|qPDF|s174 Ko|uhttps://publications.gc.ca/collections/Collection/BT31-4-72-1998F.pdf|yPour la période se terminant le 31 mars 1998 |